Mr Robot Characters Last Words - Statistics

General Stats
  • This quiz has been taken 87 times
  • The average score is 7 of 17
Answer Stats
Hint Character % Correct
This is why. you get to decide Whiterose
90%
You should probably leave Angela Moss
78%
I'm just gonna go for a walk Tyrell Wellick
73%
You just ran out of time Phillip Price
57%
You promised Shayla Nico
51%
I see you now Fernando Vera
48%
You don't have to Sunil Markesh
46%
Please don't Shama Biswas
42%
I'm sorry? Gideon Goddard
39%
Is everything under control? Joanna Wellick
37%
You can live with- Ernesto Santiago
33%
Get off me! stop! Sharon Knowles
19%
I'm sure we can figure something out Susan Jacobs
12%
But now i'm gonna tell them the truth Derek
10%
What about security? sirens? Isaac Vera
9%
Take care of her Grant Chang
7%
To make sure that you nev- Ashley
3%
No matching quizzes found
Score Distribution
Percent of People with Each Score
Percentile by Number Answered
Your Score History
You have not taken this quiz